Central Library OPAC University of Rajshahi
Normal view MARC view

Entry Topical Term

Number of records used in: 2

001 - CONTROL NUMBER

  • control field: 4368

003 - CONTROL NUMBER IDENTIFIER

  • control field: BD-RjUL

005 - DATE AND TIME OF LATEST TRANSACTION

  • control field: 20220811141302.0

008 - FIXED-LENGTH DATA ELEMENTS

  • fixed length control field: 220811|| aca||aabn | a|a d

040 ## - CATALOGING SOURCE

  • Original cataloging agency: BD-RjUL
  • Transcribing agency: BD-RjUL

150 ## - HEADING--TOPICAL TERM

  • Topical term or geographic name entry element: স্কুলের অধ্যক্ষ
  • General subdivision: জীবনী
  • Geographic subdivision: বাংলাদেশ

670 ## - SOURCE DATA FOUND

  • Source citation: Work cat.: (BD-RjUL)80197: আখতার, জায়নাব 4366, Step -in ভুলে যাওয়া রাজনৈতিক মঞ্চের আত্মকথন :, ২০২১